Integrated Management of Brown Spot Disease of Rice caused by Drechslera oryzae (Breda de Haan.) Subramanian and Jain (Record no. 50068)

MARC details
000 -LEADER
fixed length control field 00500nam a22001697a 4500
003 - CONTROL NUMBER IDENTIFIER
control field OSt
008 - FIXED-LENGTH DATA ELEMENTS--GENERAL INFORMATION
fixed length control field 260416b |||||||| |||| 00| 0 eng d
082 ## - DEWEY DECIMAL CLASSIFICATION NUMBER
Classification number 632.4
Item number A79I
100 ## - MAIN ENTRY--PERSONAL NAME
Personal name Arun, Anand Kumar Singh
245 ## - TITLE STATEMENT
Title Integrated Management of Brown Spot Disease of Rice caused by Drechslera oryzae (Breda de Haan.) Subramanian and Jain
260 ## - PUBLICATION, DISTRIBUTION, ETC. (IMPRINT)
Place of publication, distribution, etc Pusa, Samastipur
Name of publisher, distributor, etc RAU, Pusa
Date of publication, distribution, etc 2008
300 ## - PHYSICAL DESCRIPTION
Extent 62P.
502 ## - DISSERTATION NOTE
Degree type Msc.
Year degree granted 2008
650 ## - SUBJECT ADDED ENTRY--TOPICAL TERM
Topical term or geographic name as entry element Plant Pathology
650 ## - SUBJECT ADDED ENTRY--TOPICAL TERM
Topical term or geographic name as entry element Msc.
942 ## - ADDED ENTRY ELEMENTS (KOHA)
Source of classification or shelving scheme
Koha item type Thesis
Holdings
Withdrawn status Lost status Source of classification or shelving scheme Damaged status Not for loan Home library Current library Date acquired Total Checkouts Full call number Barcode Date last seen Bill Date Koha item type
          Dr. Rajendra Prasad Central Agricultural University Pusa, Dr. Rajendra Prasad Central Agricultural University Pusa, 16/04/2026   632.4 A79I 56915 16/04/2026 16/04/2026 Thesis
Hosted, Implemented, Customized & Maintained by: BestBookBuddies

Powered by Koha